Stanovenie hodnoty majetku znalcom z pohľadu účtovných a daňových aspektov v podmienkach Slovenskej republiky

Gespeichert in:
Bibliographische Detailangaben
1. Verfasser: Harumová, Anna, 1955-
Format: Buchkapitel
Sprache:Slowakisch
Tags: Tag hinzufügen
Keine Tags, Fügen Sie das erste Tag hinzu!

MARC

LEADER 00000naa$a2200000$$$4500
001 0089039
005 20240502083230.5
041 0 |a slo 
044 |a CZ 
245 1 0 |a Stanovenie hodnoty majetku znalcom z pohľadu účtovných a daňových aspektov v podmienkach Slovenskej republiky  |c Anna Harumová 
100 1 |a Harumová, Anna, 1955-